Die 200 beliebtesten ♂ ♀ Vornamen in Belgien - Statistiken

Allgemein
  • Dieses Quiz wurde 41 mal gespielt
  • Das Durchschnittsergebnis liegt bei 45 aus 202
Antwortstatistiken
♀ / ♂ Name % Korrekt
Jungen - - > | Mädchen - - > ⤵️
100%
A4 Anna
79%
L3 Lia
79%
E4 Emma
76%
L3 Léa
76%
L3 Léo
69%
S4 Sara
69%
L4 Léon
62%
M3 Mia
62%
O6 Olivia
62%
N3 Noa
59%
L4 Lena
55%
L3 Lou
55%
M5 Marie
55%
N4 Noah
55%
T3 Tom
55%
J5 Julia
52%
L4 Lara
52%
L4 Lina
52%
L5 Louis
52%
L5 Lukas
52%
M5 Maria
52%
A3 Ali
48%
C9 Charlotte
48%
E4 Ella
48%
F4 Finn
48%
J5 Julie
48%
M3 Max
48%
S6 Sophia
48%
E5 Elisa
45%
N4 Nora
45%
V3 Vic
45%
V6 Victor
45%
A6 Amélie
41%
L4 Luca
41%
S5 Sofia
41%
Z3 Zoé
41%
A3 Ada
38%
A4 Adam
38%
A9 Alexander
38%
D5 David
38%
E6 Emilia
38%
J4 Jack
38%
L4 Liam
38%
M4 Mila
38%
O6 Oliver
38%
V8 Victoria
38%
E3 Eva
34%
L4 Luna
34%
N4 Nina
34%
R5 Robin
34%
S5 Sarah
34%
A5 Aaron
31%
A5 Alice
31%
C5 Clara
31%
H6 Helena
31%
L6 Louise
31%
L5 Lucas
31%
S5 Simon
31%
A6 Amelia
28%
A6 Arthur
28%
E5 Elias
28%
E5 Elise
28%
L6 Léonie
28%
L3 Lio
28%
M4 Milo
28%
N3 Noé
28%
O5 Oscar
28%
T4 Théo
28%
T4 Theo
28%
A4 Alma
24%
C5 Chloé
24%
E5 Elena
24%
F3 Flo
24%
G7 Gabriel
24%
G4 Gust
24%
H5 Henri
24%
L4 Lars
24%
L4 Lily
24%
L3 Liv
24%
L4 Lola
24%
L5 Lotte
24%
M4 Mats
24%
M6 Matteo
24%
M5 Milan
24%
M4 Mona
24%
R4 Romy
24%
A5 Alina
21%
C7 Charles
21%
C7 Charlie
21%
I4 Ines
21%
I4 Iris
21%
M4 Maya
21%
R7 Rosalie
21%
R4 Rose
21%
S6 Samuel
21%
S6 Stella
21%
V5 Vince
21%
E4 Eden
17%
F5 Felix
17%
L5 Livia
17%
L5 Lucie
17%
M7 Maurice
17%
M8 Mohammed
17%
R7 Raphael
17%
V9 Valentina
17%
A4 Amir
14%
E5 Ellie
14%
E6 Eloise
14%
G6 Giulia
14%
H4 Hugo
14%
M4 Mael
14%
N6 Nathan
14%
R5 Rosie
14%
Y7 Yasmine
14%
E5 Ethan
10%
F6 Féline
10%
I5 Isaac
10%
J4 Jade
10%
J8 Juliette
10%
J4 June
10%
M6 Marcel
10%
M6 Maxime
10%
N4 Noor
10%
N4 Nour
10%
V6 Viktor
10%
W7 William
10%
A4 Alba
7%
A5 Amber
7%
A5 Amira
7%
E4 Enzo
7%
I7 Ibrahim
7%
J6 Jeanne
7%
J5 Jules
7%
L6 Lucien
7%
M5 Manon
7%
M7 Mohamed
7%
A5 Adele
3%
A3 Aya
3%
C7 Camille
3%
C7 Céleste
3%
E8 Eléonore
3%
E5 Emiel
3%
E5 Emile
3%
G7 Georges
3%
G6 Gloria
3%
H5 Hamza
3%
I5 Ilyas
3%
J6 Jayden
3%
L3 Lya
3%
M6 Marius
3%
M6 Mathis
3%
M6 Mattia
3%
N4 Nael
3%
R5 Rayan
3%
Z4 Zayn
3%
A7 Achille
0%
A4 Alix
0%
A4 Alya
0%
A5 Ambre
0%
A5 Amina
0%
A6 Axelle
0%
A5 Ayden
0%
B6 Basile
0%
B6 Billie
0%
C5 César
0%
C5 Cilou
0%
C8 Clémence
0%
C7 Clément
0%
C4 Come
0%
C6 Cyriel
0%
D6 Davina
0%
D5 Diego
0%
E5 Esmée
0%
G7 Gaspard
0%
G6 Gaston
0%
I5 Imran
0%
I5 Inaya
0%
L5 Lewis
0%
L4 Loic
0%
L5 Lowie
0%
L4 Lyam
0%
M7 Margaux
0%
M6 Maryam
0%
M6 Maxine
0%
N5 Nolan
0%
O4 Oona
0%
O4 Otis
0%
O4 Owen
0%
R5 Renée
0%
R5 Romée
0%
S5 Sacha
0%
T5 Tiago
0%
T4 Tuur
0%
Y5 Yanis
0%
Y7 Youssef
0%
Keine übereinstimmenden Quizze gefunden
Verteilung der Resultate
Anzahl Personen mit jedem Resultat
Perzentil nach korrekt beantworteten Fragen
Ihre Resultats-Entwicklung
Sie haben dieses Quiz noch nicht gespielt